Autonomy : life cycle, gender and status among Himalayan Pastoralists

Saved in:
Bibliographic Details
Main Author: Rao, Aparna
Format: Book
Language:English
Published: New York : Berghahn Books, c1998
Subjects:
Tags: Add Tag
No Tags, Be the first to tag this record!

MARC

LEADER 00000cam a2200000 i 4500
001 1/95464
008 991207s1998 eng d
020 |a 1-57181-903-7 
035 |l 10055330 
040 |a GR-MY-UA  |b gre  |e aacr 
041 0 |a eng 
082 0 |a 306.089914 
100 1 |a Rao, Aparna. 
245 1 0 |a Autonomy :  |b life cycle, gender and status among Himalayan Pastoralists /  |c Aparna Rao 
260 |a New York :   |b Berghahn Books,   |c c1998 
300 |a 350 p. 
504 |a Includes bibliographical references and index 
650 0 0 |a Bakrawallah (Indic people)  |x Psychology. 
650 0 0 |a Bakrawallah (Indic people)  |x Ethnic identity. 
650 0 0 |a Bakrawallah (Indic people)  |x Social conditions. 
650 0 0 |a Identity (Psychology)  |z India  |z Jammu and Kashmir. 
650 0 0 |a Individuality  |z India  |z Jammu and Kashmir. 
650 0 0 |a Muslims  |z India  |z Jammu and Kashmir. 
651 0 |a Jammu and Kashmir (India)  |x Social conditions. 
852 |a INST  |b LESVOS  |e 19991207  |h 306.089914 RAO  |p 005100022604  |q 005100022604  |t BK  |y 0 
901 |a BIBL1-1999-3 
909 |a Λ  |b 069542 
970 |a ΤΖΑΦΕΡΗ  |b ΕΥΑΓΓΕΛΙΑ  |z 1999/12/07